| 000 | 00749nam a2200229 u 4500 | ||
|---|---|---|---|
| 005 | 20241203063744.0 | ||
| 008 | 141128s2006 r 000 0 eng d | ||
| 020 | _a8478716440 | ||
| 035 | _aUPN01000200919 | ||
| 049 | _aI | ||
| 050 | 4 |
_aPZ10.3 _bC5.2 |
|
| 100 | 1 |
_aClarke, Jane Elizabeth, _d1954- _936593 |
|
| 245 | 1 | 0 |
_aDino duerme en casa de un amigo / _cJane Clarke ; il. Mary McQuillan ; tr. Raquel Mancera. |
| 260 |
_aBarcelona, Esp. : _bRBA, _c2006. |
||
| 300 |
_a[32] p. : _bil. col. |
||
| 534 |
_pTÃtulo original: _tDippy's sleepover |
||
| 650 | 0 |
_aAnimales _vCuentos y leyendas _9234 |
|
| 650 | 4 |
_aDinosaurios _vLiteratura infantil _99370 |
|
| 650 | 4 |
_aCuentos infantiles ingleses _910002 |
|
| 905 | _aInfantil | ||
| 999 |
_c173020 _d173020 |
||